Central Library OPAC University of Rajshahi
Normal view MARC view

Entry Topical Term

Number of records used in: 6

001 - CONTROL NUMBER

  • control field: 185

003 - CONTROL NUMBER IDENTIFIER

  • control field: BD-RjUL

005 - DATE AND TIME OF LATEST TRANSACTION

  • control field: 20211213165611.0

008 - FIXED-LENGTH DATA ELEMENTS

  • fixed length control field: 211213|| aca||aabn | a|a d

040 ## - CATALOGING SOURCE

  • Original cataloging agency: BD-RjUL
  • Transcribing agency: BD-RjUL

150 ## - HEADING--TOPICAL TERM

  • Topical term or geographic name entry element: Money
  • Geographic subdivision: Iraq
  • General subdivision: History

670 ## - SOURCE DATA FOUND

  • Source citation: Work cat.: (BD-RjUL)78997: العزاوى، عباس، 1890-1971 183, تاريخ النقود العراقية لما بعد العهود العباسية، من سنة ٦٥٦ هج.- ١٢٥٨ م. الى سنة ١٣٣٥ هج.- ١٩١٧ م. :, ١٩٥٨.